000
00330nam a22001457a 4500
005
20170803141420.0
008
170803b xxu||||| |||| 00| 0 eng d
040
_c
PK-LaUMT
082
_a
ZIAC 297
_b
ABD-A
100
_a
Abdul Qadir
245
_a
Al Islam/
_c
Abdul Qadir
260
_a
[ ]
_b
[ ]
_c
[ ]
300
_a
[ ]
942
_c
BK
999
_c
96370
_d
96370